000 00643cam a22002411 4500
001 sa 68007070
003 DLC
005 20260227112520.0
008 950303s1967 ii a b 000 0 beno
010 _asa 68007070
025 _aPL480:EP-B-1631
035 _a(OCoLC)32083947
040 _aDLC
_cCU
_dCU
_dDLC
042 _apremarc
050 0 0 _aPK1665
_b.H29 1967
100 1 _aHai, Muhammad Abdul.
245 1 0 _aDhavani-bijñāna o Bāṃlā dhvanitattva.
260 _c[1967]
300 _a19, 409 p.
_billus.
_c25 cm.
500 _aIn Bengali.
504 _aBibliography : p. [365]-369.
650 0 _aBengali language
_xPhonology.
999 _c81596
_d81596